Renforcement des systèmes nationaux de contrôle alimentaire : guide d'évaluation rapide des besoins en renforcement des capacités (Record no. 47149)
[ view plain ]
| 000 -LEADER | |
|---|---|
| fixed length control field | 00530nam a22001457a 4500 |
| 008 - FIXED-LENGTH DATA ELEMENTS--GENERAL INFORMATION | |
| fixed length control field | 100519t xxu||||| |||| 00| 0 eng d |
| 020 ## - INTERNATIONAL STANDARD BOOK NUMBER | |
| International Standard Book Number | 978-92-5-205730-7 |
| 041 ## - LANGUAGE CODE | |
| Language code of text/sound track or separate title | Fr |
| 110 ## - MAIN ENTRY--CORPORATE NAME | |
| Corporate name or jurisdiction name as entry element | FAO |
| 9 (RLIN) | 5353 |
| 245 ## - TITLE STATEMENT | |
| Title | Renforcement des systèmes nationaux de contrôle alimentaire : guide d'évaluation rapide des besoins en renforcement des capacités |
| 260 ## - PUBLICATION, DISTRIBUTION, ETC. (IMPRINT) | |
| Place of publication, distribution, etc | Rome |
| Name of publisher, distributor, etc | FAO |
| Date of publication, distribution, etc | 2007 |
| 300 ## - PHYSICAL DESCRIPTION | |
| Extent | x - 47 p. |
| 653 ## - INDEX TERM--UNCONTROLLED | |
| Uncontrolled term | Contrôle de qualité |
| -- | Contrôle alimentaire |
| -- | Renforcement des capacités |
| -- | Systèmes nationaux |
| 942 ## - ADDED ENTRY ELEMENTS (KOHA) | |
| Item type | Livre |
| Withdrawn status | Lost status | Damaged status | Not for loan | Location (home branch) | Sublocation or collection (holding branch) | Date acquired | Koha issues (times borrowed) | Koha full call number | Koha date last seen | Copy number | Price effective from | Koha item type |
|---|---|---|---|---|---|---|---|---|---|---|---|---|
| Bibliothèque-Centre de Documentation de la Faculté des Sciences Agronomiques | Bibliothèque-Centre de Documentation de la Faculté des Sciences Agronomiques | 19/05/2010 | NSA.2007.007 | 19/05/2010 | 1 | 19/05/2010 | Livre |